MANAGEMENT AND ORGANISATIONAL BEHAVIOR (Record no. 9101)
[ view plain ]
| 000 -LEADER | |
|---|---|
| fixed length control field | 00554nam a22001697a 4500 |
| 003 - CONTROL NUMBER IDENTIFIER | |
| control field | SGT |
| 020 ## - INTERNATIONAL STANDARD BOOK NUMBER | |
| International Standard Book Number | 9788132709276 |
| 082 ## - DEWEY DECIMAL CLASSIFICATION NUMBER | |
| Classification number | 658.3,MUL |
| 100 ## - MAIN ENTRY--PERSONAL NAME | |
| Personal name | MULLINS, LAURIE J. |
| 245 ## - TITLE STATEMENT | |
| Title | MANAGEMENT AND ORGANISATIONAL BEHAVIOR |
| 250 ## - EDITION STATEMENT | |
| Edition statement | 7TH |
| 260 ## - PUBLICATION, DISTRIBUTION, ETC. (IMPRINT) | |
| Place of publication, distribution, etc | NEW DELHI |
| Name of publisher, distributor, etc | PERSON |
| Year of Publication | 2007 |
| 300 ## - PAGE DESCRIPTION | |
| No. of Pages | 1095 |
| 650 ## - SUBJECT ADDED ENTRY--TOPICAL TERM | |
| Topical term or geographic name as entry element | MANAGEMENT |
| 653 ## - KEYWORDS--INDEX TERM | |
| Keyword term | MANAGEMENT AND ORGANISATIONAL BEHAVIOR THE ORGANISATIONAL SETTING THE ROLE OF THE MANAGER, THE INDIVIDUAL GROUPS AND TEAMWORK,ORGANISATIONAL STRUCTURES, MANAGEMENT OF HUMAN RESOURCES |
| 942 ## - ADDED ENTRY ELEMENTS (KOHA) | |
| Source of classification or shelving scheme | Dewey Decimal Classification |
| Koha item type | FCM Books |
| 942 ## - ADDED ENTRY ELEMENTS (KOHA) | |
| -- | 3 |
| Withdrawn status | Lost status | Source of classification or shelving scheme | Damaged status | Not for loan | Collection code | Home library | Current library | Shelving location | Date acquired | SGTU | Total Checkouts | Full call number | Accession No. (Barcode) | Date last seen | Date last borrowed | Bill Date | Koha item type |
|---|---|---|---|---|---|---|---|---|---|---|---|---|---|---|---|---|---|
| Dewey Decimal Classification | COMMERCE MANAGEMENT | SGT Science & Social Sciences Library | SGT Science & Social Sciences Library | Text Book | 16/06/2016 | SGTU | 5 | 658.3,MUL | CM315 | 06/12/2024 | 20/11/2024 | 16/06/2016 | FCM Books |